| 000 | 01048nam a2200301 u 4500 | ||
|---|---|---|---|
| 001 | 910195 | ||
| 005 | 20260506154534.0 | ||
| 008 | 050221s2005 ||||||m| spa | ||
| 035 | _a910195 | ||
| 040 | _ccomduadb | ||
| 041 | _aspa | ||
| 082 | 4 | _a368 | |
| 100 | 1 | 0 |
_aOcampo Norena, Angela Maria _4aut _eaut _9402894 |
| 245 | 1 | 0 | _aFactores que determinan la eleccion y movilizacion de usuarios entre las entidades promotoras de Salud : un analisis para regimen contributivo en Medellin |
| 260 |
_aMedellín : _b[sin publicador], _c2005. |
||
| 300 | _a43 hojas | ||
| 650 |
_aAnálisis estadístico _929295 |
||
| 650 |
_aRégimen contributivo _966734 |
||
| 650 |
_aSalud - Medellín (Antioquia, Colombia) _9157474 |
||
| 650 |
_aEPS (Empresas Promotoras de Salud) _967892 |
||
| 650 |
_aUsuarios de salud _995490 |
||
| 650 |
_aUtilidad (Economía) _9109521 |
||
| 700 | 1 | 0 |
_aCarmona Muñoz, Juan Diego _4aut _eaut _9402895 |
| 700 | 1 | 0 |
_aVásquez Velásquez, Johanna _4ths _eths _9275613 |
| 942 | _cTESIS | ||
| 999 |
_c344549 _d344549 |
||
| 502 |
_b62 _c9 |
||
| 526 | _a62 | ||